[Event "TCh-SUI 2010"]
[Site "Switzerland SUI"]
[Date "2010.03.21"]
[Round "2.5"]
[White "Drabke,L"]
[Black "Lehmann,Marc"]
[Result "1-0"]
[WhiteElo "2439"]
[BlackElo "2296"]

1.e4 c5 2.Nf3 Nc6 3.Bb5 g6 4.Bxc6 dxc6 5.d3 Bg7 6.h3 e5 7.Be3 b6 8.O-O Ne7
9.a3 O-O 10.b4 cxb4 11.axb4 h6 12.Nbd2 g5 13.Nc4 g4 14.Nh2 gxh3 15.Nxb6 hxg2
16.Kxg2 axb6 17.Rxa8 f5 18.Qh5 Qd6 19.Kh1 Bd7 20.Rxf8+ Kxf8 21.Bxb6 Qxb4
22.Bd8 Ng8 23.Qg6  1-0

[Event "ch-Moscow KO"]
[Site "Moscow RUS"]
[Date "2010.03.25"]
[Round "1.1"]
[White "Dvalishvili,P"]
[Black "Reshetnikov,A"]
[Result "1/2-1/2"]
[WhiteElo "2446"]
[BlackElo "2470"]

1.e4 c5 2.Nf3 Nc6 3.Bb5 e6 4.O-O Nge7 5.Re1 a6 6.Bf1 d5 7.exd5 Nxd5 8.d4 Be7
9.dxc5 Bxc5 10.c4 Nf6 11.Qxd8+ Nxd8 12.Nc3 Bd7 13.Bg5 Bc6 14.Bxf6 gxf6 15.Nd5 Bxd5
16.cxd5 Rc8 17.Rac1 Rc7 18.Nd2 Bd6 19.Nc4 Rd7 20.g3 Bb4 21.Red1 Rxd5 22.Rxd5 exd5
23.Nb6 Bd6 24.Nxd5 Be5 25.b3 O-O 26.Ne7+ Kh8 27.Bg2 b6 28.Bd5 Re8 29.Nf5 Ne6
30.Rc6 Nd4 31.Nxd4 Bxd4 32.Kf1 Re7 33.Rc4 Bb2 34.Rh4 Kg7 35.Rg4+  1/2-1/2

[Event "ch-VIE"]
[Site "Ho Chi Minh City VIE"]
[Date "2010.03.26"]
[Round "1"]
[White "Tu Hoang Thong"]
[Black "Pham Duc Thang"]
[Result "1-0"]
[WhiteElo "2483"]
[BlackElo "2250"]

1.e4 c5 2.Nf3 Nc6 3.Bb5 g6 4.Bxc6 bxc6 5.O-O Bg7 6.Re1 Nf6 7.e5 Nd5 8.c4 Nc7
9.d4 cxd4 10.Qxd4 h6 11.Nc3 d5 12.Qc5 Bb7 13.Be3 Qd7 14.Qb4 Ne6 15.Na4 a5
16.Qa3 c5 17.Nb6 Qd8 18.Qa4+ Kf8 19.Nxd5 Nd4 20.Nxd4 cxd4 21.Bxd4 e6 22.Bb6  1-0

[Event "ch-VIE"]
[Site "Ho Chi Minh City VIE"]
[Date "2010.03.27"]
[Round "3"]
[White "Cao Sang"]
[Black "Bao Khoa"]
[Result "1-0"]
[WhiteElo "2557"]
[BlackElo "2218"]

1.e4 c5 2.Nf3 Nc6 3.Bb5 d6 4.O-O Bd7 5.Nc3 a6 6.Bxc6 Bxc6 7.d4 cxd4 8.Qxd4 Nf6
9.Bg5 e6 10.Rad1 Be7 11.Qe3 Ng4 12.Qf4 Bxg5 13.Nxg5 Ne5 14.Rd4 Qe7 15.Rfd1 f6
16.Rxd6 O-O 17.Rxe6 Qb4 18.Qf5 g6 19.Qh3 fxg5 20.Rxe5 Rf6 21.Re6 Rf7 22.Red6 Qxb2
23.Qe3 Raf8 24.Rd8  1-0

[Event "TCh-AUT 2009-10"]
[Site "Baden AUT"]
[Date "2010.03.29"]
[Round "10"]
[White "Baklan,V"]
[Black "Kraemer,Mart"]
[Result "1-0"]
[WhiteElo "2655"]
[BlackElo "2482"]

1.e4 c5 2.Nf3 Nc6 3.Bb5 g6 4.Bxc6 dxc6 5.d3 Bg7 6.h3 Nf6 7.Nc3 Nd7 8.Be3 e5
9.a3 Qe7 10.O-O Nf8 11.b4 Ne6 12.bxc5 Nxc5 13.a4 O-O 14.Bc1 Rd8 15.Ba3 Bf8
16.Qc1 Qf6 17.Ne2 b6 18.Bb2 Bd6 19.d4 Nd7 20.Rd1 Ba6 21.Ng3 Qe7 22.dxe5 Nxe5
23.Nd4 f6 24.f4 Bc5 25.fxe5 fxe5 26.c3 Qg7 27.Kh2 exd4 28.cxd4 Bxd4 29.Rxd4 Rxd4
30.Qxc6 Rad8 31.Qe6+ Qf7 32.Qe5 Qd7 33.Rc1 Qd6 34.Bxd4 Qxd4 35.Qe6+ Kh8 36.Rc7 Rg8
37.e5 Qh4 38.Rxa7 Bc4 39.Qxb6 Rf8 40.Qc7 Rf7 41.Qc5 Kg7 42.a5 Qf4 43.a6 h5
44.Rxf7+ Qxf7 45.a7 Bd5 46.Qd4 Kh7 47.Ne2 Ba8 48.Nf4 g5 49.e6 Qb7  1-0

[Event "22nd Kreuz-Open"]
[Site "Lenk SUI"]
[Date "2010.04.01"]
[Round "1"]
[White "Bannwart,Remo"]
[Black "Prunescu,C"]
[Result "0-1"]
[WhiteElo "1839"]
[BlackElo "2197"]

1.e4 c5 2.Nf3 Nc6 3.Bb5 Na5 4.O-O a6 5.Be2 g6 6.c3 Bg7 7.d4 cxd4 8.cxd4 Nf6
9.Nc3 O-O 10.h3 b5 11.a3 Bb7 12.Bd3 Rc8 13.Re1 Nc4 14.Bxc4 Rxc4 15.Bf4 d5
16.e5 Ne4 17.Rc1 Nxc3 18.Rxc3 e6 19.Qd2 Qc7 20.Rec1 Rc8 21.Bh6 a5 22.Bxg7 Kxg7
23.Qg5 b4 24.Qf6+ Kg8 25.Rxc4 dxc4 26.Ng5 Qd7 27.axb4 axb4 28.Qf4 c3 29.bxc3 Rxc3
30.Rxc3 bxc3 31.Ne4 Bxe4 32.Qxe4 Qd5 33.Qd3 Qc6 34.Qc2 Qc4 35.Qd1 c2 36.Qc1 Qd3  0-1

[Event "II Genset Cup"]
[Site "Szombathely HUN"]
[Date "2010.04.01"]
[Round "7"]
[White "Farkas,Ga1"]
[Black "Nagy,Ga1"]
[Result "0-1"]
[WhiteElo "2245"]
[BlackElo "2278"]

1.e4 c5 2.Nf3 Nc6 3.Bb5 g6 4.O-O Bg7 5.c3 Nf6 6.Re1 O-O 7.a3 Qb6 8.Bc4 d6
9.b4 Bg4 10.bxc5 Qxc5 11.Ba2 d5 12.d4 Qa5 13.e5 Ne4 14.Qd3 Bf5 15.Qe3 f6
16.g4 Be6 17.c4 fxe5 18.cxd5 Bxd5 19.Qxe4 e6 20.Bxd5 exd5 21.Qe2 e4 22.Bd2 Qb6
23.Nc3 Rxf3 24.Nxd5 Qxd4 25.Nc7 Raf8 26.Ne6 Qxf2+ 27.Qxf2 Rxf2 28.Be3 R2f3
29.Rad1 Re8 30.Nxg7 Kxg7 31.Rd7+ Rf7 32.Rd5 h6 33.Kg2 Kh7 34.h3 b6 35.Rc1 Ne5
36.Rd6 b5 37.Ra6 Nc4  0-1

[Event "22nd Kreuz-Open"]
[Site "Lenk SUI"]
[Date "2010.04.02"]
[Round "3"]
[White "Lehmann,A"]
[Black "Prunescu,C"]
[Result "1-0"]
[WhiteElo "2321"]
[BlackElo "2197"]

1.e4 c5 2.Nf3 Nc6 3.Bb5 g6 4.O-O Bg7 5.c3 e5 6.d4 cxd4 7.cxd4 exd4 8.Bf4 Nge7
9.Nbd2 d5 10.exd5 Qxd5 11.Bc4 Qf5 12.Bd6 Be6 13.Re1 Rd8 14.Ba3 Rd7 15.Bxe6 fxe6
16.Ne4 O-O 17.Nc5 Rd6 18.Nxb7 Rd5 19.Nd6 Qf6 20.Qe2 e5 21.Ne4 Qf7 22.Rac1 Bh6
23.Rcd1 Rfd8 24.Qc4 Kg7 25.Rd3 Qf5 26.Ng3 Qf4 27.b4 Qf6 28.b5 Nb8 29.Qc7 R5d7
30.Qxe5 Nf5 31.Nxf5+ gxf5 32.Qxf6+ Kxf6 33.Bb2 Bg7 34.Rxd4 Rxd4 35.Nxd4 Kf7
36.Ne6 Re8 37.Ng5+  1-0

[Event "Easter Open"]
[Site "Medellin COL"]
[Date "2010.04.02"]
[Round "4"]
[White "Tovio,I"]
[Black "Castaneda,J"]
[Result "1-0"]
[WhiteElo "2290"]
[BlackElo "2132"]

1.e4 c5 2.Nf3 Nc6 3.Bb5 g6 4.Bxc6 dxc6 5.h3 e5 6.d3 f6 7.O-O Nh6 8.Nc3 Nf7
9.Nh2 g5 10.Qh5 Be6 11.Ng4 Qe7 12.Ne3 O-O-O 13.a3 Kb8 14.b4 cxb4 15.axb4 Qxb4
16.Bd2 Qe7 17.Rfb1 Nd6 18.Na4 Qf7 19.Qf3 Nb5 20.Bb4 h5 21.Qd1 g4 22.h4 g3
23.fxg3 Rg8 24.Qe1 Bxb4 25.Rxb4 Qe7 26.Rab1 Rd7 27.Qf2 Rd4 28.c4 Bc8 29.R4b3 Nd6
30.Nc2 Nxe4 31.dxe4 Rxc4 32.Nb4 Ka8 33.Nb6+ axb6 34.Qxb6 Be6 35.Ra3+ Kb8
36.Nxc6+ Rxc6 37.Qa7+ Kc8 38.Qa8+ Kd7 39.Rxb7+ Rc7 40.Rd3+  1-0

[Event "Najdorf Centenary Open"]
[Site "Buenos Aires ARG"]
[Date "2010.04.03"]
[Round "3"]
[White "Elman,C"]
[Black "Guelman,J"]
[Result "1-0"]
[WhiteElo "2158"]
[BlackElo "1846"]

1.e4 c5 2.Nf3 Nc6 3.Bb5 Qb6 4.Qe2 d6 5.h3 e5 6.c3 Nf6 7.Na3 Be7 8.d3 O-O
9.O-O a6 10.Ba4 Qc7 11.Bg5 h6 12.Bh4 b5 13.Bc2 Kh8 14.Rac1 b4 15.Nc4 bxc3
16.bxc3 Rg8 17.Bg3 g5 18.Ne3 Be6 19.d4 exd4 20.cxd4 cxd4 21.Ba4 dxe3 22.Bxc6 exf2+
23.Bxf2 Rab8 24.Bd4 Qa5 25.e5 dxe5 26.Nxe5 Kg7 27.Nd7 Bxd7 28.Qxe7 Bxc6 29.Qxf6+  1-0

[Event "21st Pobeskydi Arcelor Mittal Cup"]
[Site "Frydek-Mistek CZE"]
[Date "2010.04.03"]
[Round "6"]
[White "Tropp,F"]
[Black "Nayhebaver,Martin"]
[Result "1/2-1/2"]
[WhiteElo "2104"]
[BlackElo "1970"]

1.e4 c5 2.Nf3 Nc6 3.Bb5 g6 4.Bxc6 dxc6 5.h3 Bg7 6.d3 e5 7.Nbd2 Qc7 8.b3 Nf6
9.Nc4 Nd7 10.Bb2 O-O 11.Qe2 Re8 12.O-O b6 13.Nh2 Ba6 14.f4 Bxc4 15.bxc4 f5
16.Qf3 fxe4 17.dxe4 Rf8 18.Qc3 Rf7 19.f5 Raf8 20.fxg6  1/2-1/2

[Event "ch-VIE Playoff"]
[Site "Ho Chi Minh City VIE"]
[Date "2010.04.03"]
[Round "2.2"]
[White "Nguyen Hoang Nam1"]
[Black "Vo Thanh Ninh"]
[Result "1-0"]
[WhiteElo "2348"]
[BlackElo "2341"]

1.e4 c5 2.Nf3 Nc6 3.Bb5 g6 4.O-O Bg7 5.c3 e5 6.Na3 Nge7 7.Nc4 O-O 8.Nd6 Qc7
9.Nxc8 Raxc8 10.Re1 h6 11.Bc4 Kh7 12.Bb3 f5 13.d3 Qd6 14.a4 b6 15.Qe2 Rce8
16.Bd2 Qf6 17.Rad1 Na5 18.Ba2 Qc6 19.b4 Qxa4 20.Ra1 Nb3 21.Qd1 c4 22.dxc4 fxe4
23.Bxb3 Qc6 24.b5 Qb7 25.Nh4 d5 26.cxd5 Nxd5 27.Bxh6 Nf4 28.Bxf4 Rxf4 29.g3 Rxh4
30.gxh4 Rf8 31.Bd5 Qe7 32.Rxe4 Bh6 33.Qg4 Bf4 34.Rea4 Qc5 35.Rxa7+ Kh6 36.Bf7 Qd6
37.Qe6 Qd3 38.Qg4 Qe4 39.Qg2 Qf5 40.Bd5 Qf6 41.Ba8 Rxa8 42.Qxa8  1-0

[Event "33rd Open"]
[Site "Donostia ESP"]
[Date "2010.04.04"]
[Round "9"]
[White "Ros Eskisabel,J"]
[Black "Hernandez Lopez,D"]
[Result "1-0"]
[WhiteElo "2143"]
[BlackElo "1955"]

1.e4 c5 2.Nf3 Nc6 3.Bb5 Nd4 4.Nxd4 cxd4 5.c4 g6 6.O-O Bg7 7.d3 e6 8.f4 Ne7
9.Nd2 O-O 10.Ba4 d6 11.Kh1 b6 12.Qe1 Bb7 13.Nf3 e5 14.Bd2 Qc7 15.b4 h6 16.Qh4 Kh7
17.f5 f6 18.fxg6+ Nxg6 19.Qh5 Bc8 20.Bd1 Be6 21.Nh4 Nxh4 22.Qxh4 f5 23.exf5 Bxf5
24.Rxf5 Rxf5 25.Qe4 Rf8  1-0

[Event "Easter Open"]
[Site "Medellin COL"]
[Date "2010.04.04"]
[Round "8"]
[White "Escobar Medina,A"]
[Black "Arango,A"]
[Result "1/2-1/2"]
[WhiteElo "2087"]
[BlackElo "2146"]

1.e4 c5 2.Nf3 Nc6 3.Bb5 d6 4.O-O Bd7 5.c3 a6 6.Ba4 b5 7.Bc2 e5 8.d4 Bg4 9.Be3 cxd4
10.cxd4 exd4 11.Bxd4 Bxf3 12.gxf3 Nxd4 13.Qxd4 Qg5+ 14.Kh1 Qf6 15.Qd5 Qxf3+
16.Kg1 Rc8 17.Bd1 Qh3 18.Nc3 Nf6 19.Qb7 Be7 20.f4 d5 21.Rf3 Bc5+ 22.Kh1 Qd7
23.Qxa6 Nxe4 24.Nxe4 dxe4 25.Rg3 O-O 26.Bg4 f5 27.Rd1 Qc6 28.Qxc6 Rxc6 29.Be2 Rb6
30.a4 bxa4 31.Rd7 Rg6 32.Bc4+ Kh8 33.Bb5 Rxg3 34.hxg3 a3 35.bxa3 Bxa3 36.Kg2 Bb2
37.Re7 Bf6 38.Re6 Rc8 39.g4 fxg4 40.Rxe4 g6 41.Bd7 Rc2+ 42.Kg3 h5 43.f5 Rc3+
44.Kg2 Kg7 45.fxg6 Kxg6 46.Bxg4 hxg4 47.Rxg4+  1/2-1/2

[Event "Open"]
[Site "Thessaloniki GRE"]
[Date "2010.04.06"]
[Round "2"]
[White "Zakarian,D"]
[Black "Efthimiou,G"]
[Result "1-0"]
[WhiteElo "2334"]
[BlackElo "1838"]

1.e4 c5 2.Nf3 Nc6 3.Bb5 Nd4 4.Nxd4 cxd4 5.O-O a6 6.Bc4 b5 7.Bb3 Bb7 8.d3 d5
9.Nd2 dxe4 10.Nxe4 Bd5 11.c4 dxc3 12.bxc3 Bxe4 13.dxe4 Qxd1 14.Rxd1 Rc8 15.c4 Nf6
16.cxb5 axb5 17.e5 Ne4 18.e6 f6 19.Bb2 g6 20.Rac1 Nd6 21.Rxc8+ Nxc8 22.a4 Nd6
23.axb5 Bh6 24.g3 O-O 25.Rxd6  1-0

[Event "Najdorf Centenary Open"]
[Site "Buenos Aires ARG"]
[Date "2010.04.07"]
[Round "1"]
[White "Bronstein,L"]
[Black "Novoa,F"]
[Result "1-0"]
[WhiteElo "2363"]
[BlackElo "1879"]

1.e4 c5 2.Nf3 Nc6 3.Bb5 g6 4.O-O Bg7 5.c3 Nf6 6.d4 cxd4 7.cxd4 d5 8.e5 Nd7
9.Nc3 Nb6 10.h3 O-O 11.Bf4 Bf5 12.b3 Rc8 13.Rc1 Na8 14.Na4 Nb4 15.Rxc8 Qxc8
16.Qd2 Nc6 17.Rc1 Bd7 18.Bg5 Re8 19.Nc5 Nc7 20.Nxd7 Nxb5 21.Nc5 Nc7 22.Qc3 Nb5
23.Qd2 b6 24.Nd3 Qd7 25.Be3 Rc8 26.a4 Nc7 27.b4 Ne6 28.Qc3 Rc7 29.Qb3 h5
30.Rc3 Kh7 31.Nf4 Nxf4 32.Bxf4 e6 33.Qc2 Rc8 34.b5 Ne7 35.g4 hxg4 36.hxg4 Kg8
37.Ne1 Rxc3 38.Qxc3 Qc8 39.Qxc8+ Nxc8 40.Nd3 Bf8 41.Bd2 Be7 42.Nb4 Kf8 43.f4 Ke8
44.Nc6 Kd7 45.Kf2 f5 46.Kg3 Ke8 47.gxf5 gxf5 48.Bb4 Bxb4 49.Nxb4 Ne7 50.Kh4 Kf7
51.Kg5 Nc8 52.Nc6 Ke8 53.Kf6 Kd7 54.Nb8+ Kc7 55.Kxe6 Kxb8 56.Kd7 Kb7 57.e6  1-0

[Event "Open"]
[Site "Thessaloniki GRE"]
[Date "2010.04.07"]
[Round "4"]
[White "Zakarian,D"]
[Black "Petrov,Marij"]
[Result "0-1"]
[WhiteElo "2334"]
[BlackElo "2526"]

1.e4 c5 2.Nf3 Nc6 3.Bb5 g6 4.O-O Bg7 5.c3 Nf6 6.Re1 O-O 7.h3 Qb6 8.Na3 d5
9.e5 Ne8 10.Qa4 f6 11.Bxc6 Qxc6 12.Qh4 Bf5 13.d4 Be4 14.exf6 exf6 15.Nd2 cxd4
16.Nxe4 dxe4 17.Qxe4 Qxe4 18.Rxe4 f5 19.Re7 dxc3 20.bxc3 b6 21.Bf4 Bxc3 22.Rd1 Bb4
23.Re3 Bc5 24.Red3 Nf6 25.Bh6 Rfe8 26.Nb5 Re2 27.Nc7 Rc8 28.Nd5 Ne4 29.Be3 Rxa2
30.f3 Nf2 31.Bxf2 Bxf2+ 32.Kh1 Re2 33.g4 Bh4 34.gxf5 gxf5 35.Rd4 Be7 36.Nf4 Rec2
37.Nd5 Re2 38.Nf4 Rec2 39.Nd5 Bf8 40.Rg1+ Kf7 41.Ne3 Rc1 42.Nd1 Bc5 43.Rd7+ Ke6
44.Rgg7 Bd6  0-1

[Event "IV Open"]
[Site "La Laguna ESP"]
[Date "2010.04.08"]
[Round "5"]
[White "De la Rubia Ramirez,D"]
[Black "Rodriguez Govea,A"]
[Result "1-0"]
[WhiteElo "1778"]
[BlackElo "1505"]

1.e4 c5 2.Nf3 Nc6 3.Bb5 e6 4.c3 Nge7 5.O-O g6 6.d4 cxd4 7.cxd4 a6 8.Ba4 b5
9.Bc2 Bg7 10.Nc3 d6 11.Be3 O-O 12.Qd2 Bb7 13.Bh6 Qb6 14.Bxg7 Kxg7 15.Rad1 Rac8
16.d5 Nb8 17.Bb1 b4 18.Ne2 exd5 19.exd5 Nxd5 20.Qd4+ Qxd4 21.Rxd4 Nf6 22.Rxd6 Be4
23.Bxe4 Nxe4 24.Rd4 Nf6 25.Rxb4 Nd5 26.Rd4 Rc2 27.Re1 Re8 28.Kf1 Nb6 29.Rd2 Rec8
30.Red1 R8c5 31.b3 Nc6 32.Ned4 Nxd4 33.Nxd4 R2c3 34.Nf3 a5 35.Rd3 Rc2 36.R1d2 Nc8
37.Ke2 Ne7 38.Rxc2 Rxc2+ 39.Rd2 Rc3 40.Nd4 Rc5 41.Rd3 Nd5 42.Kf3 Nb4 43.Rd2 Rc3+
44.Ke2 Kf6 45.a3 Nd5 46.g3 h6 47.Rc2 Rxc2+ 48.Nxc2 Ke5 49.Kd3 Nb6 50.Nd4 Kd5
51.Nc2 Ke5 52.Ne3 f5 53.f4+ Kd6 54.Nc4+ Nxc4 55.Kxc4 Kc6 56.b4 axb4 57.axb4 Kb6
58.h3 g5 59.b5 gxf4 60.gxf4 h5 61.h4 Kc7 62.Kd5 Kb6 63.Ke6 Kxb5 64.Kxf5 Kc6
65.Kg6 Kd7 66.f5 Ke7 67.Kg7 Kd6 68.f6 Ke5 69.f7  1-0

[Event "Sydney Int Open"]
[Site "Parramatta AUS"]
[Date "2010.04.08"]
[Round "4"]
[White "Milligan,H"]
[Black "Encel,B"]
[Result "1/2-1/2"]
[WhiteElo "2016"]
[BlackElo "1884"]

1.e4 c5 2.Nf3 Nc6 3.Bb5 e6 4.Bxc6 bxc6 5.d3 Qc7 6.Qe2 e5 7.Nbd2 Ne7 8.Nc4 d6
9.Bd2 Ng6 10.O-O Be7 11.h3 O-O 12.Nh2 f5 13.exf5 Bxf5 14.f4 exf4 15.Rae1 Rae8
16.Bxf4 Nxf4 17.Rxf4 d5 18.Rxf5 Rxf5 19.Qe6+ Rf7 20.Ne5 Rf8 21.Nhg4 Qd6 22.Nxf7 Rxf7
23.Qc8+ Rf8 24.Qe6+ Rf7 25.Qc8+ Rf8 26.Qe6+  1/2-1/2

[Event "IV Open"]
[Site "La Laguna ESP"]
[Date "2010.04.10"]
[Round "7"]
[White "Draghici Flutur,G"]
[Black "Herraiz Hidalgo,H"]
[Result "0-1"]
[WhiteElo "2204"]
[BlackElo "2488"]

1.e4 c5 2.Nf3 Nc6 3.Bb5 g6 4.O-O Bg7 5.c3 e5 6.b4 cxb4 7.d4 exd4 8.cxd4 Nge7
9.a3 O-O 10.axb4 d5 11.Bxc6 Nxc6 12.e5 Bg4 13.b5 Na5 14.Ba3 Re8 15.Nbd2 f6
16.Bd6 b6 17.h3 Bf5 18.Ra3 Qd7 19.Qa4 Rec8 20.Qb4 Nb7 21.exf6 Bxf6 22.Be5 Be7
23.Qb3 Na5 24.Qe3 Qxb5 25.Rc3 Rxc3 26.Qxc3 Qd7 27.h4 Nc6 28.h5 Rd8 29.Qe3 gxh5
30.Re1 Bg6 31.Ng5 Qf5 32.Ndf3 Nxe5 33.Nxe5 Bxg5  0-1

[Event "59th ch-BUL w"]
[Site "Dupnitsa BUL"]
[Date "2010.04.11"]
[Round "4"]
[White "Genova,Ly"]
[Black "Videnova,I"]
[Result "1/2-1/2"]
[WhiteElo "2277"]
[BlackElo "2258"]

1.e4 c5 2.Nf3 Nc6 3.Bb5 Nf6 4.Nc3 g6 5.O-O Bg7 6.e5 Ng4 7.Bxc6 dxc6 8.Re1 O-O
9.h3 Nh6 10.d3 Nf5 11.Ne4 b6 12.Bf4 Nd4 13.a4 a5 14.Ned2 Ra7 15.Nxd4 Qxd4
16.Re4 Qd5 17.Nc4 Rb7 18.Qc1 Rd8 19.Bh6 Bf5 20.Re1 Bh8 21.g4 Be6 22.Qf4 Qd7
23.b3 Qc7 24.Nd2 Rd5 25.Nf3 Rb8 26.Re4 Rdd8 27.Ng5 Bd5 28.c4 f6 29.cxd5 fxg5
30.Qxg5 Rxd5 31.Rae1 Rxd3 32.h4 Bg7 33.h5 Bxh6 34.Qxh6 g5 35.Qxg5+ Kh8 36.Rf4 Rg8
37.Qf5 Rxb3 38.Rd1 Rb4 39.Rxb4 axb4 40.Rd7 Qc8 41.Qe6 Rd8 42.Rxd8+ Qxd8 43.h6 Qg8
44.Qxc6 Qxg4+ 45.Kf1 Qc4+ 46.Ke1 Qc3+ 47.Kd1 Qd4+ 48.Kc1 Qc4+ 49.Kd2 Qd4+
50.Kc1 Qf4+ 51.Kd1 Qd4+  1/2-1/2

[Event "IV Open"]
[Site "La Laguna ESP"]
[Date "2010.04.11"]
[Round "9"]
[White "Draghici Flutur,G"]
[Black "Saez Gabikagogeaskoa,O"]
[Result "0-1"]
[WhiteElo "2204"]
[BlackElo "1969"]

1.e4 c5 2.Nf3 Nc6 3.Bb5 g6 4.O-O Bg7 5.c3 Nf6 6.Re1 O-O 7.h3 Qb6 8.Na3 a6
9.Bxc6 Qxc6 10.d4 cxd4 11.cxd4 d6 12.Bg5 b5 13.Rc1 Qb6 14.e5 Nd5 15.Nc2 Bb7
16.Ne3 Rfe8 17.Ng4 Nc7  0-1

[Event "UKM KL Masters"]
[Site "Kuala Lumpur INA"]
[Date "2010.04.15"]
[Round "2"]
[White "Nirav Y.,R"]
[Black "Chan,Ni"]
[Result "0-1"]
[WhiteElo "2183"]
[BlackElo "2398"]

1.e4 c5 2.Nf3 Nc6 3.Bb5 g6 4.O-O Bg7 5.Re1 e5 6.Bxc6 dxc6 7.d3 Qe7 8.a4 b6
9.a5 b5 10.Be3 Nf6 11.h3 Nd7 12.Nbd2 Nf8 13.c4 Ne6 14.Rc1 Ba6 15.cxb5 cxb5
16.Nb1 O-O 17.Nc3 Qd6 18.Ng5 Nd4 19.Nd5 Bb7 20.Nc3 a6 21.Ne2 Rac8 22.b3 h6
23.Nf3 Nxf3+ 24.gxf3 Rfd8 25.Rc3 b4 26.Rc2 Bf8 27.Nc1 Qc7 28.Ra2 Bc6 29.Ree2 Bb5
30.Red2 Rd7 31.Kg2 Rcd8 32.Rac2 f5 33.Rxc5 Bxc5 34.Rc2 f4 35.Rxc5 Qd6 36.Rd5 Qe6
37.Rxd7 Bxd7 38.Bb6 Qxh3+ 39.Kg1 Rc8 40.Na2 g5 41.Nxb4 g4 42.Qf1 Qxf3 43.Nd5 Kf7
44.b4 g3 45.Bc5 Rg8  0-1

[Event "TCh-ISR"]
[Site "Israel ISR"]
[Date "2010.04.16"]
[Round "5"]
[White "Rechlis,G"]
[Black "Sutovsky,E"]
[Result "0-1"]
[WhiteElo "2460"]
[BlackElo "2657"]

1.e4 c5 2.Nf3 Nc6 3.Bb5 g6 4.Bxc6 bxc6 5.O-O Bg7 6.d3 d6 7.Nbd2 e5 8.a3 a5
9.Nc4 Ne7 10.Bd2 d5 11.Bxa5 Rxa5 12.Nxa5 Qxa5 13.Qd2 Qb6 14.b4 c4 15.dxc4 dxe4
16.Ng5 f5 17.Qd6 Qd4 18.Qc7 Qd7 19.Qb8 O-O 20.Rfd1 Qe8 21.Qd6 f4 22.Nxe4 f3
23.Qd3 Be6 24.g3 g5 25.a4 Qh5 26.a5 Bf5 27.Re1 Ng6 28.Ra3 Nf4 29.Qxf3 Nh3+
30.Kf1 Bxe4 31.Qxf8+ Bxf8 32.Rxe4 Qd1+  0-1

[Event "TCh-ISR"]
[Site "Israel ISR"]
[Date "2010.04.16"]
[Round "5"]
[White "Porat,Ma"]
[Black "Tarnopolsky,A"]
[Result "1/2-1/2"]
[WhiteElo "2169"]
[BlackElo "2312"]

1.e4 c5 2.Nf3 Nc6 3.Bb5 g6 4.Bxc6 dxc6 5.O-O Bg7 6.d3 Bg4 7.h3 Bxf3 8.Qxf3 e5
9.Be3 Qe7 10.a4 Nf6 11.Nc3 Nd7 12.Qe2 Nf8 13.Qd2 Ne6 14.a5 O-O 15.Na4 Rab8
16.Rfb1 b5 17.axb6 axb6 18.b4 f5 19.f3 Bf6 20.b5 Qd6 21.Nc3 f4 22.Bf2 Nc7
23.Ra2 cxb5 24.Nxb5 Nxb5 25.Rxb5 Ra8 26.Qc3 Qe6 27.Rab2 Bd8 28.Qb3 Qxb3 29.R5xb3 Rf7
30.Kf1 g5 31.Ke2 Rd7 32.Rb1 Kf7 33.Be1 Ra2 34.R3b2 Ra4 35.Bc3 Ke6 36.Rb5 Ra3
37.R5b3 Ra2 38.R3b2 Ra6 39.Rb5 Rda7 40.Kd2 h5 41.Rh1 Rg7 42.Rbb1 Bc7 43.Ra1 Rxa1
44.Rxa1 g4 45.hxg4 hxg4 46.Ke2 gxf3+ 47.Kxf3 Rg3+ 48.Kf2 c4 49.Rd1 Bd6 50.Be1 cxd3
51.cxd3 Rg8 52.Kf3 b5 53.d4 exd4 54.Rxd4 Rg5 55.Bb4 Rg3+ 56.Kf2 Bc7 57.Rd5 Rb3
58.Rxb5 Bd6 59.Rb6 Rxb4 60.Rxb4 Bxb4 61.g3  1/2-1/2

[Event "TCh-ISR"]
[Site "Israel ISR"]
[Date "2010.04.16"]
[Round "5"]
[White "Bitensky,I"]
[Black "Lederer,Y"]
[Result "1/2-1/2"]
[WhiteElo "2406"]
[BlackElo "2298"]

1.e4 c5 2.Nf3 Nc6 3.Bb5 d6 4.Bxc6+ bxc6 5.d3 Bg4 6.h3 Bh5 7.Nbd2 Nf6 8.Nf1 Nd7
9.g4 Bg6 10.Ng3 e6 11.Qe2 Be7 12.Bd2 O-O 13.O-O Re8 14.Ne1 e5 15.Ng2 Nf8
16.f4 exf4 17.Nxf4 Bf6 18.Bc3 Bxc3 19.bxc3 Rb8 20.Qf2 Qf6 21.Nxg6 Qxf2+ 22.Kxf2 hxg6
23.Rfb1 Nd7 24.c4 a5 25.Ne2 Ne5 26.Nc3 Kf8 27.Rxb8 Rxb8 28.Rb1 Rxb1 29.Nxb1 g5
30.Nd2 Ke7 31.Nb3 a4 32.Nd2 Ke6 33.Ke3 Nd7 34.Nf3 f6 35.d4 Nb6 36.d5+ cxd5
37.cxd5+ Kd7 38.Kd3 Kc7 39.Nd2 Nd7 40.Nf1 Ne5+ 41.Kc3 Nf3 42.Ng3 Ng1 43.Nh5 Nxh3
44.Nxg7 Kd7 45.Nh5 Ke7 46.Ng3 Nf2 47.Nf5+ Kd7 48.Ne3 Kc7 49.Kb2 Nxe4 50.Ka3 Nc3
51.Kb2 Ne4 52.Ka3 Nc3 53.Kb2  1/2-1/2

[Event "59th ch-BUL w"]
[Site "Dupnitsa BUL"]
[Date "2010.04.17"]
[Round "11"]
[White "Genova,Ly"]
[Black "Gocheva,R"]
[Result "1/2-1/2"]
[WhiteElo "2277"]
[BlackElo "2164"]

1.e4 c5 2.Nf3 Nc6 3.Bb5 Nf6 4.Nc3 g6 5.h3 Bg7 6.e5 Ng8 7.Bxc6 dxc6 8.d3 Nh6
9.g4 f5 10.g5 Nf7 11.Qe2 Be6 12.Bf4 Qa5 13.a3 Bd5 14.b4 cxb4 15.Nxd5 bxa3+
16.Bd2 Qxd5 17.c4 Qd8 18.O-O e6 19.d4 h6 20.h4 hxg5 21.hxg5 Bf8 22.Rfd1 Be7
23.Rab1 b6 24.d5 cxd5 25.Be3 Qc7 26.cxd5 Nxe5 27.Qb5+ Kf8 28.Nd4 Qc4 29.f4 Qxb5
30.Rxb5 Nc4 31.Nxe6+ Kf7 32.Bd4 Rh4 33.Rb3 Bd6 34.Rc1 Rc8 35.Be5 Bc5+ 36.Nxc5 Rxc5
37.Bd4 Rc8 38.Rxa3 Rg4+ 39.Kh2 Rxf4 40.Rxa7+ Kf8 41.Bg7+ Ke8 42.Be5 Rg4 43.Rh7 Rc5
44.Ra1 Ra5 45.Re1 Re4 46.Rh8+ Kd7  1/2-1/2

[Event "UKM KL Masters"]
[Site "Kuala Lumpur INA"]
[Date "2010.04.18"]
[Round "7"]
[White "Thakur,Ak"]
[Black "Chan,Ni"]
[Result "1-0"]
[WhiteElo "2355"]
[BlackElo "2398"]

1.e4 c5 2.Nf3 Nc6 3.Bb5 g6 4.Bxc6 dxc6 5.d3 Bg7 6.h3 e5 7.Nc3 Qe7 8.Be3 Nf6
9.Qd2 Nd7 10.Bh6 f6 11.Bxg7 Qxg7 12.Ne2 Nf8 13.b4 Ne6 14.bxc5 O-O 15.O-O Nxc5
16.Qe3 Qe7 17.a4 Be6 18.a5 Rac8 19.Ng3 Bf7 20.d4 exd4 21.Qxd4 Rfe8 22.Rfe1 Rcd8
23.Qc3 Na6 24.Rab1 Rd7 25.h4 Qd8 26.h5 Re6 27.e5 gxh5 28.Ne4 fxe5 29.Nxe5 Rc7
30.Rbd1 Qe7 31.Nxf7 Kxf7 32.Nd6+ Kg8 33.Qc4 Nc5 34.Nf5 Qe8 35.Rxe6 Qxe6 36.Qxc5 Rd7
37.Nh6+ Kg7 38.Qg5+ Kf8 39.Rxd7 Qxd7 40.Qf6+ Ke8 41.Qh8+ Ke7 42.Qxh7+ Kd8
43.Qxd7+ Kxd7 44.Nf5 c5 45.Ne3 Ke6 46.f4 b6 47.g3 c4  1-0

[Event "6th TCh-CHN"]
[Site "Ningbo CHN"]
[Date "2010.04.18"]
[Round "3"]
[White "Ma Qun"]
[Black "Wang Hao"]
[Result "1/2-1/2"]
[WhiteElo "2369"]
[BlackElo "2715"]

1.e4 c5 2.Nf3 Nc6 3.Bb5 g6 4.O-O Bg7 5.Re1 e5 6.Bxc6 dxc6 7.d3 Ne7 8.h3 O-O
9.Be3 b6 10.Qd2 Be6 11.Bh6 f6 12.Bxg7 Kxg7 13.c3 Qc7 14.Na3 Rad8 15.Qe3 Bf7
16.Nc2 Rfe8 17.Red1 g5 18.Rd2 h6 19.a3 Bb3 20.Re1 a5 21.Na1 Bf7 22.Nc2 a4
23.Qe2 Ng6 24.g3 Be6 25.Kg2 Qd7 26.Rh1 f5  1/2-1/2

[Event "TCh-CHN"]
[Site "Ningbo City CHN"]
[Date "2010.04.18"]
[Round "3"]
[White "Ma Qun"]
[Black "Wang Hao"]
[Result "1/2-1/2"]
[WhiteElo "2369"]
[BlackElo "2715"]

1.e4 c5 2.Nf3 Nc6 3.Bb5 g6 4.O-O Bg7 5.Re1 e5 6.Bxc6 dxc6 7.d3 Ne7 8.h3 O-O
9.Be3 b6 10.Qd2 Be6 11.Bh6 f6 12.Bxg7 Kxg7 13.c3 Qc7 14.Na3 Rad8 15.Qe3 Bf7
16.Nc2 Rfe8 17.Red1 g5 18.Rd2 h6 19.a3 Bb3 20.Re1 a5 21.Na1 Bf7 22.Nc2 a4
23.Qe2 Ng6 24.g3 Be6 25.Kg2 Qd7 26.Rh1 f5 27.Ne3 f4 28.Nf5+ Bxf5 29.exf5 Qxf5
30.g4 Qe6 31.Qe4 Qd5 32.Re1 b5 33.Kf1 Qxe4 34.dxe4 Rxd2 35.Nxd2 Nh4 36.Ke2 Rd8
37.c4 b4 38.Ra1 b3 39.Rc1 Rd4 40.Rc3 Kf6 41.f3 Ng2 42.Rd3 Ne3 43.Rc3 Rd8
44.Rd3 Rd4 45.Rxe3 fxe3 46.Kxe3 h5 47.Ke2 Ke6 48.Ke3 Rd7 49.Ke2 Kd6 50.Ke3 Kc7
51.Ke2 Rh7 52.Nf1 Kd6 53.Kf2 Ke6 54.Ke2 Rd7 55.Nd2 Kd6 56.Nf1 hxg4 57.hxg4 Rh7
58.Kf2 Kc7 59.Ke2 Rh1 60.Kf2  1/2-1/2

[Event "Open"]
[Site "Bar MNE"]
[Date "2010.04.19"]
[Round "4"]
[White "Petrusic,G"]
[Black "Vujovic,Pr2"]
[Result "1-0"]
[WhiteElo "1944"]
[BlackElo "2851"]

1.e4 c5 2.Nf3 Nc6 3.Bb5 d6 4.c4 Bd7 5.O-O a6 6.Bxc6 Bxc6 7.Re1 e5 8.d3 Qd7
9.Nc3 h6 10.Be3 Ne7 11.Nd2 g5 12.Nd5 Bxd5 13.cxd5 b5 14.b4 Ng6 15.bxc5 dxc5
16.a4 Rb8 17.axb5 axb5 18.Ra6 Be7 19.Qh5 Kf8 20.Rea1 Kg7 21.Nf1 Nf4 22.Bxf4 exf4
23.h3 Bf6 24.Rc1 Bd4 25.Nh2 f6 26.Nf3 Qf7 27.Qxf7+ Kxf7 28.Nxd4 cxd4 29.Rcc6 b4
30.Rxf6+ Kg7 31.Rg6+ Kf7 32.Raf6+ Ke7 33.e5 b3 34.Rg7+ Ke8 35.Rxh6 Rf8 36.Re6+ Kd8
37.Rd6+ Kc8 38.Rc6+ Kd8 39.Rc1 b2 40.Rb1 Re8 41.e6 Rb5 42.Rxg5 Rxe6 43.dxe6 Rxg5
44.Rxb2 f3 45.g4 Re5 46.Rb4 Rd5 47.Rb7 Ke8 48.Rd7 Ra5 49.Rxd4 Ke7 50.Rf4 Ra3
51.Rxf3 Kxe6 52.Kg2 Ra4 53.Kg3 Ke5 54.h4 Rb4 55.h5 Rb6 56.g5 Kd4 57.h6 Rg6
58.Kg4 Ke5 59.h7  1-0